000 00806nam a2200217Ii 4500
003 JO-AjNU
008 230605s9999||||xx |||||||||||||| ||und||
017 _a1987/4/421
040 _aJO-AjNU
_bara
_erda
_cJO-AjNU
041 _aara
050 1 4 _aLA1441.S2548.1987
100 3 _aسمعان، سمير,
_eauthor
_938269
245 0 0 _aالمؤآمرات الصهيونية والإستعمارية لتجهيل عرب فلسطين منذ القرن التاسع عشر
250 _aط1
264 3 1 _aعمان:دار البيرق للطباعة والنشر والتوزيع،1987
300 _a149ص
336 _atext
_btxt
_2rdacontent
337 _aunmediated
_bn
_2rdamedia
338 _avolume
_bnc
_2rdacarrier
650 4 _aالتربية والتعليم-فلسطين-الصهيونية
_938270
999 _aA16064
_c19632
_d19632